000 00808nam a2200289Ia 4500
001 Para_8988
003 CHAP
008 220125s2002 xx 000 0 und d
010 _a207766
040 _cCHAP
082 _aPA 646.7 C6
100 _aCondrill, Jo
_9174262
245 _a101 ideas para mejorar su comunicación /
_c por Jo Condrill y Bough Bennie
260 _aMéxico, D.F. :
_b Selector
300 _a124 p.
440 _aColección superación personal
_9174242
650 _aMotivación (psicología)
_979090
650 _aSuperación personal
_9143097
700 _aBough, Bennie
_9174263
901 _aPA 646.7 C6
902 _aA
905 _a0000002002 0000000000 00
910 _a2002
942 _cPARA
942 _cPARA
_d1
999 _c207766
_d207766